000 003190000a22001330004500
041 0 _aSPA
082 0 4 _aG 819.81 C297t
100 1 _aCarpentier, Alejo (1904- )
245 1 0 _aTientos y diferencias / Alejo Carpentier
260 _aBuenos Aires, Argentina : Calicanto
300 _a130 Pag
001 10883
942 _cBK
999 _c40303
_d40303